[Event "Krynica zt"]
[Site "Krynica"]
[Date "1998.09.07"]
[Round "6"]
[White "Macieja, Bartlomiej"]
[Black "Stefanova, Antoaneta"]
[Result "1-0"]
[WhiteElo "2490"]
[BlackElo "2475"]
[Annotator "Lukacs,P"]
[PlyCount "59"]
[EventDate "1998.09.02"]
[EventType "swiss"]
[EventRounds "9"]
[EventCountry "POL"]
[SourceTitle "CBM 067"]
[Source "ChessBase"]
[SourceDate "1998.11.30"]
[SourceVersion "2"]
[SourceVersionDate "1998.11.01"]
[SourceQuality "1"]

1. e4 {Ftacnik} e5 2. Nf3 Nf6 3. d4 Nxe4 4. Bd3 d5 5. Nxe5 Nd7 {This is the
most exciting and complex line in the Russian Defence these days. The
variations are sharp and You can't blame Black for playing a boring opening
with drawish tendentions!} 6. Nxd7 Bxd7 7. O-O Qh4 (7... Bd6 {is very popular
nowadays on the highest level.}) 8. c4 O-O-O 9. c5 g5 10. Nc3 (10. f3 {/\ Be3
is another interesing try here.}) 10... Bg7 11. g3 Qh6 $5 {Ftacnik: 'This move
is less common than the alternatives, it could even solve black's problems.'} (
11... Qh3 12. Nxe4 dxe4 13. Bxe4 Bb5 14. Bg2 $1 Qf5 15. Be3 Bxf1 16. Bxf1 {
This is a well-known positionel exchange sacrifice here.} Rhe8 (16... c6 17.
Qa4 h5 $2 18. Qxa7 Rxd4 19. Re1 Rhd8 20. Bxd4 $18 {1-0 Kharlov-Christensen,
Norre Sundby op 1993}) 17. Qa4 Kb8 18. Rd1 $44 {Zarnicki-Howell, Capablanca
mem 1993 CBM 36}) 12. Nxe4 dxe4 13. Bxe4 f5 (13... Bh3 $5 14. Be3 {White has
to sacrifice the exchange anyway, but he gets the wonderful ^^ and a P. He has
some attacking chances on the \<<, while Black's -> is parried by the B on the
long /^.} (14. Qa4 $6 Rxd4 $1) (14. Qb3 c6 15. Bg2 (15. Qxf7 Rhf8 $1) 15...
Bxg2 16. Kxg2 Bxd4 $13) (14. d5 Bxf1 $1 (14... Rhe8 {is met by the simple} 15.
Bg2 $1 ({but not} 15. Re1 $6 f5 16. Bh1 Bg4 17. Qd2 f4 18. Qb4 Rxe1+ 19. Qxe1
Qh5 $17 {Light-Chritensen, Aarhus op 1990})) 15. Qxf1 Rhe8 16. Bg2 (16. Bf5+
Kb8) 16... Bd4 17. Be3 (17. c6 Kb8 18. Qb5 Bb6) 17... Rxe3 $1 18. fxe3 Bxe3+
19. Kh1 Bxc5 $17) (14. Qf3 $5 Bxf1 (14... c6 15. Bf5+ $16) 15. Bxb7+ Kb8 16.
Kxf1 (16. Qb3 Bc4 $1 17. Qb4 a5 $1) 16... Bxd4 $1 17. Qb3 Bxc5 $1) 14... Bxf1
15. Kxf1 (15. Qxf1 Bxd4) 15... Qxh2 16. Qa4 $1 c6 $1 17. Bxc6 (17. Qxa7 Bxd4
18. Qa8+ Kc7 19. Qa5+ Kb8) 17... bxc6 18. Qxc6+ $11) 14. Bg2 Bc6 $2 {Ftacnik:
'Not bad, but the alternative 14...f4 is also very promising.'} (14... f4 {
Black has to continue his plan:} 15. d5 Rhf8 16. Re1 (16. c6 $2 Bxc6 $19) (16.
Qb3 c6 $1 (16... Bh3 17. c6 $1 b6 18. Qb5)) 16... Kb8 {'!?' Ftacnik.} 17. Qb3
$1 {'!?' Ftacnik.} (17. d6 $2 cxd6 18. Qxd6+ {'?!' Ftacnik.} (18. c6 $2 bxc6 {
'!' Ftacnik.} 19. Re4 d5 20. Ra4 Ka8 21. Bd2 Bh3 22. Kh1 (22. Bh1 {Ftacnik} Qf6
$17 {Arencibia,W-Vladimirov,E/Leon/1991/0-1 (72)}) 22... Qf6 $17 {
Arencibia-Vladimirov, Leon 1991}) 18... Qxd6 19. cxd6 Bd4 $15 {Vladimirov})
17... c6 (17... Bc8 18. d6 cxd6 19. c6 b6 20. Re7) 18. d6) 15. Bxc6 Qxc6 (15...
bxc6 $5 {Ftacnik} 16. Qa4 Kb7 17. Rd1 f4 18. Rd3 (18. d5 cxd5 19. Qb3+ (19.
Qb5+ Ka8 20. c6 Rb8 21. Qxd5 Rhf8 $15) 19... Kc6 20. gxf4 gxf4 21. Qa4+ Kb7 22.
Bxf4 Qg6+ 23. Bg3 c6 $13) 18... Rhe8 19. Rb3+ Ka8 20. Ra3 Re1+ 21. Kg2 f3+ 22.
Rxf3 (22. Kxf3 $2 g4+ 23. Kxg4 Qe6+ $19) 22... Rxd4 23. Rf8+ Bxf8 24. Qxd4 Qe6
$13) 16. Bxg5 Rxd4 17. Qc2 $16 {Now White is a healthy P up.} Rd5 (17... f4 18.
Qf5+ $1 (18. Bxf4 {founders on the pretty} Rxf4 $1 19. gxf4 Bxb2 $1) 18... Kb8
19. Bxf4 Rf8 20. Qxh7 $1) (17... Re4 $5 {Ftacnik} 18. Rad1 Rhe8 19. f3 R4e5 20.
b4 Qe6 $14) 18. Be3 h5 {Black's last chance is to attack on the >>.} (18... f4
19. Bxf4 Rxc5 20. Qe2 Rc2 21. Qg4+ Qd7 22. Qxd7+ Kxd7 23. Rac1 $18 {and the
_|_ is easily won by White.}) 19. Rad1 h4 {Ftacnik: 'Black understands, that
he must produce some activity in order to avoid punishment on the queenside.'}
20. Rxd5 Qxd5 21. Rd1 Qe6 22. c6 $1 {Black's position is taken apart.} Qxc6 (
22... bxc6 23. Qa4 $18) 23. Qxf5+ Kb8 24. Rc1 Qa4 {[#]} 25. Bf4 $1 {White is
playing agressively also with a material advantage.} Bxb2 (25... Rc8 26. b3
Qxa2 27. Qd7 $1 $18) 26. Rxc7 {Ftacnik: 'The situation is critical for the
black king and it helps white to defend against black's counterplay.'} Qd1+ 27.
Kg2 h3+ 28. Qxh3 $1 Qd5+ (28... Rxh3 29. Rd7+) 29. f3 Be5 (29... Rxh3 30. Rd7+)
30. Qxh8+ $1 (30. Qxh8+ Bxh8 31. Rd7+) 1-0

[Event "RUS-Cup07"]
[Site "Tomsk"]
[Date "1998.07.23"]
[Round "9"]
[White "Yurtaev, Leonid"]
[Black "Frolov, Denis"]
[Result "1-0"]
[WhiteElo "2520"]
[BlackElo "2350"]
[Annotator "Lukacs,P"]
[PlyCount "49"]
[EventDate "1998.07.15"]
[EventType "swiss"]
[EventRounds "9"]
[EventCountry "RUS"]
[SourceTitle "CBM 067"]
[Source "ChessBase"]
[SourceDate "1998.11.30"]
[SourceVersion "2"]
[SourceVersionDate "1998.11.01"]
[SourceQuality "1"]

1. e4 {Baburin} e5 2. Nf3 Nf6 3. d4 Nxe4 4. Bd3 d5 5. Nxe5 Be7 {This somewhat
passive developing move is not so polular.} (5... Nd7 {or}) (5... Bd6 {are
more common here these days.}) 6. O-O O-O 7. c4 Nf6 {After this retreat White
gains control in the [+].} 8. Nc3 c6 (8... dxc4 $6 {gives up unnecessarily the
[+], giving space for the white pieces.} 9. Bxc4 Nbd7 10. Qb3 {The pressure on
the >< f7 is annoying.} Nxe5 11. dxe5 Ng4 12. Bf4 c6 13. h3 $16 {with huge
advantage of development, Em.Lasker-Mason, Paris 1900.}) (8... Be6 $6 9. c5 {
In this P structure the B is not well-placed on e6. White has got some space
advantage on the \<<.} Nc6 10. Nxc6 bxc6 11. Bf4 $14 {and both Bs are much
better than the opponent's ones, not mentioning the weak P structure.}) (8...
Nbd7 9. Bg5 dxc4 10. Bxc4 Nb6 11. Bb3 c6 12. Re1 Nbd5 13. Qf3 Be6 14. Rad1 $14
{with a very active position for White fully compensating the blockaded
isolated P.}) (8... Nc6 9. Nxc6 bxc6 10. c5 {leaves to a corrupted P structure
again.} a5 {/\ Ba6} 11. Re1 Re8 (11... Ba6 12. Bc2) 12. Bf4 Be6 13. h3 Qd7 14.
Qf3 Reb8 15. b3 Ne8 16. Be5 Bf6 17. Bc2 Bxe5 18. Rxe5 $14 {Sveshnikov-Kholmov,
Moskva 1987}) 9. Re1 Nbd7 (9... dxc4 10. Bxc4 Nbd7 $2 {founders on the strong}
11. Nxf7 $1 Rxf7 12. Qb3 Nd5 13. Nxd5 Bd6 (13... cxd5 14. Bxd5 Qf8 15. Bxf7+
Qxf7 16. Rxe7 $18) 14. Ne7+ $18 {Mokry-Arlandi, EU-chT Haifa 1989}) (9... Be6
10. cxd5 cxd5 (10... Nxd5 $5 {deserves attention with isolated P structure.})
11. Bg5 Nc6 12. Rc1 Rc8 13. Bb1 Re8 14. Qd3 Nb4 15. Qf3 Nc6 16. Rcd1 Qa5 17. a3
$16 {with good attacking chances on the >> because of the mighty e5 N,
Rechlis-Brook, Oakham 1988.}) 10. Bg5 dxc4 {Finally Black gives up the [+],
activating White's pieces.} (10... Re8 11. cxd5 cxd5 (11... Nxd5 $2 12. Nxf7 $1
) 12. Qf3 $16) ({Perhaps Black would be better off eliminating the e5-knight
at once -} 10... Nxe5 {Baburin} 11. dxe5 ({The line} 11. Bxf6 Bxf6 12. dxe5
dxc4 (12... Bg5 $2 {drops a pawn after} 13. cxd5 cxd5 14. Nxd5) 13. Bxh7+ Kxh7
14. Qh5+ Kg8 15. exf6 Qxf6 16. Re4 Qf5 {is OK for Black.}) 11... Ng4 12. Bxe7
Qxe7 13. h3 (13. cxd5 $2 Qh4) 13... dxc4 14. Bxh7+ Kxh7 15. hxg4 {I believe
that White is better here, but this position is the lesser evil compared to
the game continuation.}) 11. Bxc4 Nd5 $2 {[#] Baburin: 'Letting the e5-knight
live, Black makes a fatal mistake.'} (11... Nxe5 12. dxe5 Qxd1 (12... Nd7 13.
Bxe7 Qxe7 14. e6 $18) 13. Raxd1 Nd5 14. Bxe7 Nxe7 15. Ne4 $16 {is a very good
_|_ for White because of the lead of development, <-> d and possible Nd6.}) 12.
Bxd5 $1 $18 ({White also wins after} 12. Bxe7 {Baburin} Nxe7 13. Nxf7 Rxf7 14.
Qb3 Nd5 15. Nxd5 cxd5 16. Bxd5 Qf8 17. Bxf7+ Qxf7 18. Re8+ Nf8 19. Qxf7+ Kxf7
20. Rae1 {Perhaps this line would be even easier for him.}) 12... Bxg5 13.
Bxf7+ $1 {This is the winning move! Baburin: 'The f7-square is vulnerable not
only in the opening, but in the middlegame too!'} Rxf7 14. Nxf7 Kxf7 15. Qh5+
Kf8 (15... Kg8 $2 16. Re8+) 16. Qxh7 {White has a R and two Ps for the two
pieces plus a devastating ->.} Nf6 (16... Bf6 17. Ne4 $1 $18) 17. Qh8+ Ng8 18.
d5 {White has to open up the position for the Rs. '+-!' Baburin. Baburin: 'The
material is roughly equal, but Black's position is hopeless as his king is too
vulnerable. The text exposes it furthermore, increasing Black's problems.'} Bd7
(18... cxd5 {Baburin} 19. Re5 d4 20. Rd5 Qe7 21. Rxd4 Be6 22. Re1 $18) 19. Rad1
Qb6 20. Ne4 Bf6 21. Nxf6 gxf6 22. d6 Be8 (22... Re8 23. Re7 $1) 23. Rd3 $1 Qa5
24. Re7 $1 Qg5 (24... Bf7 25. Rg3 $18) 25. h4 1-0

[Event "EU-ch 11th"]
[Site "Rijeka"]
[Date "2010.03.07"]
[Round "2"]
[White "Nepomniachtchi, Ian"]
[Black "Drazic, Sinisa"]
[Result "1-0"]
[WhiteElo "2656"]
[BlackElo "2545"]
[Annotator "Marin,M"]
[PlyCount "51"]
[EventDate "2010.03.06"]
[EventType "swiss"]
[EventRounds "11"]
[EventCountry "CRO"]
[SourceTitle "CBM 136"]
[Source "ChessBase"]
[SourceDate "2010.05.18"]
[SourceVersion "1"]
[SourceVersionDate "2010.05.18"]
[SourceQuality "1"]

1. e4 e5 2. Nf3 Nf6 3. d4 Nxe4 4. dxe5 d5 5. Nbd2 Nxd2 {I find this way of
releasing the tension ineffective. White is helped to complete his development
and set up pressure along the d-file.} ({Kramnik preferred} 5... Nc5 {but
eventually found himself struggling after} 6. a3 a5 7. Be2 {Short,N (2696)
-Kramnik,V (2788)/Wijk aan Zee 2010/ (1/2, 63)}) 6. Bxd2 ({Knowing that Nigel
Short had been Howell's second at the under 20 World Championship in 2009, it
is interesting to follow his game, too, although I find the text move better:} 
6. Qxd2 c5 7. c4 d4 8. Bd3 Nc6 9. Qf4 h6 10. Qg3 Be6 11. Nd2 Qd7 12. O-O O-O-O
13. f4 Bf5 14. a3 h5 $132 {Howell,D (2612)-Saric,A (2483)/Rijeka 2010/ (1-0,
36)}) 6... Be7 7. c4 Nc6 $146 (7... O-O 8. Qc2 Be6 9. Bd3 h6 10. O-O-O Nc6 11.
Bc3 $16 {With strong pressure in the centre and against the kingside,
Sveshnikov,E (2525)-Sereenen,G/Beijing 2008/CBM 126 Extra (1-0, 61)}) 8. Qc2
Be6 9. O-O-O a5 10. a3 O-O 11. Be3 $1 $16 {With the b4-square well defended,
this is quite strong. The pressure along the d-file becomes unbearable for
Black.} ({By having set up some tension on the queenside, Black may have
intended to reduce the impact of} 11. Bd3 {in view of} dxc4 $5) 11... Nb4 $6 {
Desperate counterplay, which will achieve nothing.} 12. axb4 axb4 13. b3 dxc4
14. Rxd8 Rfxd8 15. Bxc4 Bxc4 16. Qxc4 Ra1+ 17. Kb2 Rxh1 18. Qxc7 Kf8 19. Bc5
Re8 20. Ng5 h6 21. Bxe7+ Kg8 22. Nf3 Ra8 23. Bxb4 Rha1 24. Bd2 b5 25. Kc3 b4+
26. Kxb4 1-0

[Event "San Salvador op"]
[Site "San Salvador"]
[Date "2003.12.11"]
[Round "4"]
[White "Nedev, Trajce"]
[Black "Mikhalevski, Victor"]
[Result "1/2-1/2"]
[WhiteElo "2480"]
[BlackElo "2548"]
[Annotator "Mikhalevski,V"]
[PlyCount "61"]
[EventDate "2003.12.09"]
[EventType "swiss"]
[EventRounds "9"]
[EventCountry "ESA"]
[SourceTitle "CBM 097 Extra"]
[Source "ChessBase"]
[SourceDate "2004.01.13"]
[SourceVersion "1"]
[SourceVersionDate "2004.01.13"]
[SourceQuality "1"]

1. e4 e5 2. Nf3 Nf6 3. d4 Nxe4 4. Bd3 d5 5. Nxe5 Nd7 6. Nxd7 Bxd7 7. O-O Bd6 8.
c4 c6 9. Nc3 O-O 10. cxd5 Nxc3 11. bxc3 cxd5 12. Qh5 f5 13. Qf3 {[%csl Rd5]
[%cal Gf3d5]} ({Ponomariov's idea} 13. Re1 Qc7 14. Bd2 Rae8 15. g3 $1 $146 {
1/2-1/2 Ponomariov,R-Morozevich,A/Moscow 2002/CBM 91/[Huzman] (39) worth a
serious attention. Although his game vs Morozevich finished in a draw White
had a clear advantage.} ({At the same time Ponomariov showed a nice was to meet
} 15. Bc2 g6 16. Qf3 Re4 $1 17. g3 Bb5 18. Bf4 Bxf4 19. gxf4 Qd6 20. Bxe4 fxe4
21. Qg3 Rxf4 22. Rab1 Bd7 23. f3 b6 $44 {0-1 Svidler,P-Ponomariov,R/Moscow
2001/CBM 86/[Ftacnik] (44)})) 13... Kh8 14. Bf4 {The position requires an
exchange of dark-squared bishops. All dark squares in Black's position are
getting weak. Especially awful looks the e5-square. However Black also gets a
chance to attack the weakness on c3 which now can't be enough protected
without the same dark-squared bishops. Eventually advantages and disadvantages
of this exchange compenstae each other.} (14. Qxd5 {leads to a draw by
perpetual after a nice double sacrifice:} Bc6 15. Qb3 Bxh2+ $1 16. Kxh2 Qh4+
17. Kg1 Bxg2 $1 18. Kxg2 ({Too optimistic would be} 18. f3 $2 Bh3 19. Qb2 Rf6 {
[%cal Gf6g6] with a decisive attack.})) 14... Qc7 15. Bxd6 Qxd6 16. Rfe1 Rac8
$5 {[%csl Rc3] Black shows that White also has weaknesses.} ({It's also
possible to take control over the e-file with} 16... Rfe8 $5 {as the f5-pawn
is untouchable.} 17. Bc2 (17. Bxf5 $2 Rxe1+ 18. Rxe1 Rf8 19. Re5 g6 {[%csl Rf5]
[%cal Gf8f3]}) 17... g6 18. h4 Kg7 $11 {and Black looks not bad. 0-1 Becerra
Rivero,J-Perez,R/Santa Clara 1999/EXT 2003 (38)}) 17. Bc2 {[%csl Rd5][%cal
Gc2b3] A typial idea in these positions. The bishop is transferring to b3 in
order to attack the d5-pawn.} {Direct attack of the c3-pawn. Although Black
loses control over the e7-square it seems that Black's able to keep the
position.} Qc6 ({In the only preceding game I managed to find, a draw was
agreed after} 17... Rfe8 18. Bb3 Re4 19. Bc2 Ree8 20. Bb3 {1/2-1/2 Rublevsky,
S-Oll,L/Polanica Zdroj 1998/CBM 67 (20)}) 18. Bb3 {White forces transfer into
a slightly better endgame. However with a precise defense Black keeps an
equality.} (18. Re3 {can be met by} f4) 18... Qxc3 19. Qxc3 Rxc3 20. Bxd5 {
[%csl Rb7][%cal Ge1e7]} Rd3 $1 {It took me quite a while to find this move.
However after finding it I felt a relief. Now I had a feeling that I won't
lose this game.} 21. Re7 {This time penetration to the 7th rank is not
dangerous.} (21. Rad1 $5 Rxd1 22. Rxd1 Bc6 $5 (22... b6) 23. Be6 g6 {[%cal
Gh8g7,Gg7f6,Gf8d8]} 24. d5 Rd8 25. Rb1 Bd7 (25... Bxd5 $4 26. Rd1 {[%csl Rd5,
Rd8]}) 26. g4 ({Of course not} 26. Rxb7 Bxe6 27. dxe6 Rd1#) 26... b6) 21... Rd8
22. Rc1 {[%cal Ge7d7]} ({Or} 22. Rae1 {[%cal Ge7d7]} h6 23. Bxb7 Rxd4) 22... h6
23. Bxb7 Rxd4 {[%cal Gh8g8,Gg8f8]} 24. g3 {[%cal Gc1c7] White prepares Rc7.}
Kg8 $1 {[%cal Gg8f8] The king comes to f8 and Black gets rid of the annoying
rook on e7.} 25. Rc7 Kf8 26. Re5 f4 $1 {[%csl Rg1][%cal Gd7h3] Also Black is
able to create a threat.} 27. Kg2 fxg3 $1 {Before getting rid of the other
rook with Re8-e7 Black forces hg. Then the arising pawn endgame after 29.Rxd7
is easily drawn.} ({In case of immediate} 27... Re8 28. Rxd7 $5 Rxd7 29. Rxe8+
Kxe8 30. Bc6 fxg3 {White has a choice which I decided to avoid with 27...fxg3}
31. fxg3 $5) 28. hxg3 ({Now} 28. fxg3 $2 {is senseless.} Bg4 $5 (28... Rd2+ $5)
) 28... Re8 $1 {[%cal Ge8e7] Getting rid of the other rook.} 29. Rd5 ({After
taking with the g-pawn White has no chances in the pawn ending.} 29. Rxd7 Rxd7
30. Rxe8+ Kxe8 31. Bc6 Ke7 32. Bxd7 Kxd7 33. Kf3 Ke6 $11 {and Black has no
problems as he can potentially create a passer on the h-file.}) 29... Rxd5 30.
Bxd5 {[%csl Ra7,Rd7]} Re7 $1 $11 {[%cal Ge7a7,Rd7h3] The key-idea of this
endgame. The a-pawn is untouchable.} 31. Rc3 {The position is equal. So a draw
was agreed.} (31. Rxa7 $4 Bh3+) 1/2-1/2

[Event "World Women-ch k.o."]
[Site "Teheran"]
[Date "2017.02.12"]
[Round "1.2"]
[White "Bodnaruk, Anastasia"]
[Black "Hejazipour, Mitra"]
[Result "1-0"]
[WhiteElo "2463"]
[BlackElo "2325"]
[Annotator "Moradiabadi,E"]
[PlyCount "59"]
[EventDate "2017.02.11"]
[EventType "k.o."]
[EventRounds "7"]
[EventCountry "IRI"]
[SourceTitle "CBM 177"]
[Source "ChessBase"]
[SourceDate "2017.03.16"]
[SourceVersion "1"]
[SourceVersionDate "2017.03.16"]
[SourceQuality "1"]

{Mitra was Caissa's choice of day one. However, by picking Dzagnidze, it seems
that Caissa forgot about Mitra entirely. In a tough game, Hejazipour caved in
as Bodnaruk's pieces activity became too much to handle.} 1. e4 e5 2. Nf3 Nf6
3. d4 Nxe4 4. dxe5 d5 5. Nbd2 Nc5 6. c3 Be7 7. Nb3 Ne6 8. Qc2 c5 9. Be3 b6 10.
Rd1 Bb7 11. Bc4 {Like Dzagnidze, Bodnaruk is all-in!} Nc7 12. Bd3 h6 13. O-O
Nd7 14. Bf5 Ba6 $2 {I do not understand the idea of this move. It looks like
an invitation for White's rook to land on e1 comfortably.} 15. Rfe1 Nf8 $5 {
The only practical solution} 16. e6 $1 {White opens the game up indeed.} Nfxe6
17. Ne5 (17. Bxe6 Nxe6 18. Nxc5 Bxc5 19. Qa4+ Qd7 20. Qxa6 O-O 21. Ne5 {
gives White a clear long-term edge.}) 17... Bf6 $2 (17... O-O {looks just fine.
}) 18. Bf4 (18. Nxc5 bxc5 19. Bxe6 Nxe6 (19... fxe6 20. Qg6+ {and mate follows
soon}) 20. Qa4+ Kf8 21. Nd7+ Kg8 22. Nxf6+ Qxf6 23. Qxa6 Rd8 24. Qxa7 d4 25.
cxd4 cxd4 26. Bc1 Kh7 {gives White good winning chances.}) 18... Bxe5 19. Bxe5
O-O 20. Nd2 Bb7 21. Ne4 Ne8 22. Ng3 {So far, Mitra has managed to handle the
game but the lack of an active plan has caused her a lot of psychological
pressure. She tries to immediately solve her problems instead of doing so
gradually and instead lands herself in a losing position.} Qg5 (22... Nf6 {
was needed one way or another.}) 23. Qa4 Qe7 24. Bb1 Nd6 {The final blunder.} (
24... g6 {was needed.}) 25. Qg4 {Now all of White's pieces are aimed at
Black's king and the f4-f5 plan looks overwhelming. White is completely
winning.} Ne4 26. Bxe4 dxe4 27. Bd6 Qf6 (27... Qg5 {was Mitra's best practical
chance although it is losing anyway.}) 28. Bxf8 Rxf8 29. Nxe4 Qe7 30. Rd7 $1 {
A nice finish by Bodnaruk!} 1-0

[Event "Aars get2net Cup GM"]
[Site "Aars"]
[Date "1999.10.16"]
[Round "1"]
[White "Mortensen, Erling"]
[Black "Holst, Allan"]
[Result "1/2-1/2"]
[WhiteElo "2445"]
[BlackElo "2406"]
[Annotator "Mortensen,E"]
[PlyCount "86"]
[EventDate "1999.10.18"]
[EventType "tourn"]
[EventRounds "9"]
[EventCountry "DEN"]
[EventCategory "9"]
[SourceTitle "CBM 074"]
[Source "ChessBase"]
[SourceDate "2000.02.01"]
[SourceVersion "1"]
[SourceVersionDate "2000.02.01"]
[SourceQuality "1"]

1. e4 e5 2. Nf3 Nf6 3. d4 Nxe4 4. Bd3 d5 5. Nxe5 Nd7 6. Nc3 Nxc3 (6... Bb4 7.
O-O Nxe5 8. dxe5 Nxc3 9. bxc3 Bxc3 10. Rb1 $44) 7. bxc3 Bd6 8. O-O O-O 9. Bf4 {
It's difficult to capitalize from white's slight development advantage in this
position.} (9. Qh5 g6 10. Qe2 Re8 $17) (9. Nxd7 Qxd7 $11) (9. f4 c5 $1 10. Nxd7
Bxd7 11. Qh5 f5 $15) (9. Re1 Bxe5 10. dxe5 Nc5 11. Rb1 $13) 9... Bxe5 10. Bxe5
Nxe5 11. dxe5 f5 $1 $11 {Neutralizing any play for white on the kingside} 12.
Rb1 (12. exf6 Qxf6 13. Qh5 Bf5 $11) 12... Rb8 13. f4 c5 14. c4 $6 {Not the
right plan.} (14. Be2 Be6 15. Bf3 Qd7 16. Rf2 Rfd8 17. Rd2 Qf7 $11) 14... Be6
15. g4 $5 (15. cxd5 Qxd5 $15) 15... dxc4 ({May be it was stronger to accept
the double pawn sacrifice, but white gets some compensation after} 15... fxg4
16. f5 dxc4 17. Be4 Qg5 18. Qc1 Qxc1 19. Rbxc1 Bd7 20. Bd5+ Kh8 21. e6) 16.
Bxf5 Bxf5 17. gxf5 Qxd1 18. Rfxd1 (18. Rbxd1 Rxf5 19. Rd7 g5 $5 $15) 18... Rxf5
19. Rd7 Rxf4 (19... Rf7 $1 20. Rbd1 Rxf4 21. e6 Rd4 $17) 20. Rbxb7 Rxb7 21.
Rxb7 Re4 22. Rxa7 Rxe5 23. Rc7 (23. Kf2 Rh5 24. Kg3 Rd5 25. a4 Rd2 26. Rc7 Rxc2
27. a5 $11) 23... Re1+ 24. Kf2 Rc1 25. Rxc5 Rxc2+ 26. Kg3 Kf7 27. Rc7+ Kf6 (
27... Ke6 28. Rxg7 h5 29. Rh7 $11) 28. a4 Rc1 29. a5 Ke5 30. a6 Kd4 31. a7 Ra1
32. Rxg7 h6 33. Rd7+ Ke3 34. Rc7 Kd3 35. Kg4 Ra5 36. h4 h5+ 37. Kf4 c3 38. Rd7+
Ke2 39. Rc7 Kd2 40. Rd7+ Kc1 41. Rc7 c2 42. Rb7 Kd1 43. Rd7+ Ke1 1/2-1/2